000 00378nam a2200145Ia 4500
008 230917s9999||||xx |||||||||||||| ||und||
040 _e3815
_aMAIN
041 _aEnglish
082 _a320.947 G549K
100 _aGodson, Roy
245 0 _aKremlin and labor: a study in national security policy
260 _aNew York
_bCran Russak
_c1977
300 _ax, 79 p.
942 _cBK
999 _c211171
_d211171